Cơ học chất lỏng ứng dụng; T2 Dùng cho học sinh các trường Đại học Kĩ thuật

Đã lưu trong:
Bibliografiske detaljer
Hovedforfatter: Nguyễn Hữu Chí
Format: Bog
Sprog:Undetermined
Udgivet: Hà nội ĐH và THCN 1974
Fag:
Tags: Tilføj Tag
Ingen Tags, Vær først til at tagge denne postø!
Thư viện lưu trữ: Trung tâm Học liệu Trường Đại học Cần Thơ
LEADER 00673nam a2200217Ia 4500
001 CTU_2278
008 210402s9999 xx 000 0 und d
082 |a 532 
082 |b Ch300/T2 
100 |a Nguyễn Hữu Chí 
245 0 |a Cơ học chất lỏng ứng dụng; T2 
245 0 |b Dùng cho học sinh các trường Đại học Kĩ thuật 
245 0 |c Nguyễn Hữu Chí 
260 |a Hà nội 
260 |b ĐH và THCN 
260 |c 1974 
526 |a Thủy khí động lực học 
526 |b MT675 
650 |a fluid mechanics 
904 |i Minh, 960823 
980 |a Trung tâm Học liệu Trường Đại học Cần Thơ